书目信息 |
| 题名: |
最高人民法院公报案例评析
|
|
| 作者: | 刘家琛 , 罗书平 编著 | |
| 分册: | 邢事卷 | |
| 出版信息: | 北京 中国民主法制出版社 2004.01 |
|
| 页数: | 405页 | |
| 开本: | 20cm | |
| 丛书名: | ||
| 单 册: | ||
| 中图分类: | D920.5 | |
| 科图分类: | ||
| 主题词: | 最高法院--审判--案例--分析--中国 , 刑事诉讼--案例--分析--中国 | |
| 电子资源: | ||
| ISBN: | 7-80078-800-8 | |
| 000 | 00905nam0 2200253 450 | |
| 001 | 0120046111 | |
| 005 | 20051014100821.45 | |
| 010 | @a7-80078-800-8@dCNY25.00 | |
| 100 | @a20040323d2004 km y0chiy0120 ea | |
| 101 | 0 | @achi |
| 102 | @aCN@b110000 | |
| 105 | @ay z 000yy | |
| 200 | 1 | @a最高人民法院公报案例评析@AZui Gao Ren Min Fa Yuan Gong Bao An Li Ping Xi@i邢事卷@f刘家琛, 罗书平编著@Fliu jia chen,luo shu ping bian zhu |
| 210 | @a北京@c中国民主法制出版社@d2004.01 | |
| 215 | @a405页@d20cm | |
| 330 | @a本书收录了34个刑事案例,对事实的认定、证据的采信、法律的适用、程序的运用等方面进行了系统的评析。 | |
| 517 | @a邢事卷@AXing Shi Juan | |
| 606 | 0 | @a最高法院@x审判@x案例@x分析@y中国 |
| 606 | 0 | @a刑事诉讼@x案例@x分析@y中国 |
| 690 | @aD920.5@v4 | |
| 701 | 0 | @a刘家琛@Aliu jia chen@4编著 |
| 701 | 0 | @a罗书平@Aluo shu ping@4编著 |
| 801 | 0 | @aCN@bQSSK@c20051014 |
| 905 | @a10447@dD920.5@eL630 | |
| 最高人民法院公报案例评析.邢事卷/刘家琛, 罗书平编著.-北京:中国民主法制出版社,2004.01 |
| 405页;20cm |
| ISBN 7-80078-800-8:CNY25.00 |
| 本书收录了34个刑事案例,对事实的认定、证据的采信、法律的适用、程序的运用等方面进行了系统的评析。 |
| ● |
| 相关链接 |
|
|
|
正题名:最高人民法院公报案例评析
索取号:D920.5/L630
 
预约/预借
| 序号 | 登录号 | 条形码 | 馆藏地/架位号 | 状态 | 备注 |
| 1 | 568680 | 205686809 | 社科库509/509社科库 83排8列4层/ [索取号:D920.5/L630] | 在馆 | |
| 2 | 568681 | 205686818 | 社科库509/509社科库 83排8列4层/ [索取号:D920.5/L630] | 在馆 | |
| 3 | 568682 | 205686827 | 社科库509/509社科库 83排8列4层/ [索取号:D920.5/L630] | 在馆 |